<?xml version="1.0" encoding="UTF-8"?>
<collection xmlns="http://www.loc.gov/MARC21/slim">
 <record>
  <leader>02805cam a2200517   4500</leader>
  <controlfield tag="001">1621486206</controlfield>
  <controlfield tag="003">DE-627</controlfield>
  <controlfield tag="005">20240118080907.0</controlfield>
  <controlfield tag="007">tu</controlfield>
  <controlfield tag="008">161103s2016    au |||||      00| ||eng c</controlfield>
  <datafield tag="020" ind1=" " ind2=" ">
   <subfield code="a">9783851611601</subfield>
   <subfield code="c">Pp. : EUR 99.00 (DE), EUR 99.00 (AT)</subfield>
   <subfield code="9">978-3-85161-160-1</subfield>
  </datafield>
  <datafield tag="020" ind1=" " ind2=" ">
   <subfield code="a">3851611608</subfield>
   <subfield code="9">3-85161-160-8</subfield>
  </datafield>
  <datafield tag="024" ind1="3" ind2=" ">
   <subfield code="a">9783851611601</subfield>
  </datafield>
  <datafield tag="035" ind1=" " ind2=" ">
   <subfield code="a">(DE-627)1621486206</subfield>
  </datafield>
  <datafield tag="035" ind1=" " ind2=" ">
   <subfield code="a">(DE-576)479332649</subfield>
  </datafield>
  <datafield tag="035" ind1=" " ind2=" ">
   <subfield code="a">(DE-599)BSZ479332649</subfield>
  </datafield>
  <datafield tag="035" ind1=" " ind2=" ">
   <subfield code="a">(OCoLC)960886698</subfield>
  </datafield>
  <datafield tag="040" ind1=" " ind2=" ">
   <subfield code="a">DE-627</subfield>
   <subfield code="b">ger</subfield>
   <subfield code="c">DE-627</subfield>
   <subfield code="e">rda</subfield>
  </datafield>
  <datafield tag="041" ind1=" " ind2=" ">
   <subfield code="a">eng</subfield>
  </datafield>
  <datafield tag="044" ind1=" " ind2=" ">
   <subfield code="c">XA-AT</subfield>
  </datafield>
  <datafield tag="082" ind1="0" ind2=" ">
   <subfield code="a">930</subfield>
  </datafield>
  <datafield tag="082" ind1="0" ind2="4">
   <subfield code="a">930</subfield>
   <subfield code="q">DNB</subfield>
  </datafield>
  <datafield tag="084" ind1=" " ind2=" ">
   <subfield code="a">ALT-KA</subfield>
   <subfield code="q">DE-16</subfield>
   <subfield code="2">fid</subfield>
  </datafield>
  <datafield tag="084" ind1=" " ind2=" ">
   <subfield code="a">LG 4290</subfield>
   <subfield code="2">rvk</subfield>
   <subfield code="0">(DE-625)rvk/92138:</subfield>
  </datafield>
  <datafield tag="111" ind1="2" ind2=" ">
   <subfield code="a">IARPotHP</subfield>
   <subfield code="e">Conference</subfield>
   <subfield code="n">1.</subfield>
   <subfield code="d">2013</subfield>
   <subfield code="c">Berlin</subfield>
   <subfield code="j">VerfasserIn</subfield>
   <subfield code="0">(DE-588)1119368030</subfield>
   <subfield code="0">(DE-627)872722678</subfield>
   <subfield code="0">(DE-576)479863148</subfield>
   <subfield code="4">aut</subfield>
  </datafield>
  <datafield tag="245" ind1="1" ind2="0">
   <subfield code="a">Traditions and Innovations</subfield>
   <subfield code="b">tracking the Development of Pottery from the late Classical to the Early Imperial Periods : proceedings of the 1st Conference of IARPotHP Berlin, November 2013, 7th-10th</subfield>
   <subfield code="c">edited by Sarah Japp and Patricia Kögler ; IARPotHP, International Association for Research on Pottery of the Hellenistic Period</subfield>
  </datafield>
  <datafield tag="246" ind1="3" ind2="3">
   <subfield code="a">IARPotHP</subfield>
  </datafield>
  <datafield tag="263" ind1=" " ind2=" ">
   <subfield code="a">201610</subfield>
  </datafield>
  <datafield tag="264" ind1=" " ind2="1">
   <subfield code="a">Wien</subfield>
   <subfield code="b">Phoibos Verlag</subfield>
   <subfield code="c">2016</subfield>
  </datafield>
  <datafield tag="300" ind1=" " ind2=" ">
   <subfield code="a">537 Seiten</subfield>
   <subfield code="b">Illustrationen</subfield>
   <subfield code="c">29.7 cm x 21 cm, 1800 g</subfield>
  </datafield>
  <datafield tag="336" ind1=" " ind2=" ">
   <subfield code="a">Text</subfield>
   <subfield code="b">txt</subfield>
   <subfield code="2">rdacontent</subfield>
  </datafield>
  <datafield tag="337" ind1=" " ind2=" ">
   <subfield code="a">ohne Hilfsmittel zu benutzen</subfield>
   <subfield code="b">n</subfield>
   <subfield code="2">rdamedia</subfield>
  </datafield>
  <datafield tag="338" ind1=" " ind2=" ">
   <subfield code="a">Band</subfield>
   <subfield code="b">nc</subfield>
   <subfield code="2">rdacarrier</subfield>
  </datafield>
  <datafield tag="502" ind1=" " ind2=" ">
   <subfield code="a">Beiträge vorwiegend in englischer Sprache, teilweise in deutscher beziehungsweise französischer Sprache</subfield>
  </datafield>
  <datafield tag="583" ind1="1" ind2=" ">
   <subfield code="a">Archivierung/Langzeitarchivierung gewährleistet</subfield>
   <subfield code="f">FID</subfield>
   <subfield code="2">pdager</subfield>
   <subfield code="5">DE-16</subfield>
  </datafield>
  <datafield tag="655" ind1=" " ind2="7">
   <subfield code="a">Konferenzschrift</subfield>
   <subfield code="y">2013</subfield>
   <subfield code="z">Berlin</subfield>
   <subfield code="0">(DE-588)1071861417</subfield>
   <subfield code="0">(DE-627)826484824</subfield>
   <subfield code="0">(DE-576)433375485</subfield>
   <subfield code="2">gnd-content</subfield>
  </datafield>
  <datafield tag="700" ind1="1" ind2=" ">
   <subfield code="a">Japp, Sarah</subfield>
   <subfield code="e">HerausgeberIn</subfield>
   <subfield code="0">(DE-588)1119479843</subfield>
   <subfield code="0">(DE-627)872789438</subfield>
   <subfield code="0">(DE-576)179331787</subfield>
   <subfield code="4">edt</subfield>
  </datafield>
  <datafield tag="700" ind1="1" ind2=" ">
   <subfield code="a">Kögler, Patricia</subfield>
   <subfield code="e">HerausgeberIn</subfield>
   <subfield code="0">(DE-588)1119480388</subfield>
   <subfield code="0">(DE-627)872790711</subfield>
   <subfield code="0">(DE-576)479924929</subfield>
   <subfield code="4">edt</subfield>
  </datafield>
  <datafield tag="710" ind1="2" ind2=" ">
   <subfield code="a">IARPotHP</subfield>
   <subfield code="e">VeranstalterIn</subfield>
   <subfield code="0">(DE-588)1119366879</subfield>
   <subfield code="0">(DE-627)872720179</subfield>
   <subfield code="0">(DE-576)479860645</subfield>
   <subfield code="4">orm</subfield>
  </datafield>
  <datafield tag="776" ind1="1" ind2=" ">
   <subfield code="z">9783851611618</subfield>
   <subfield code="c">e-book</subfield>
  </datafield>
  <datafield tag="787" ind1="0" ind2="8">
   <subfield code="i">Rezensiert in</subfield>
   <subfield code="a">Rocheron, Cécile</subfield>
   <subfield code="t">[Rezension von: Sarah Japp (Hrsg.), Traditions and innovations. Tracking the development of pottery from the late classical to the early imperial periods]</subfield>
   <subfield code="d">2018</subfield>
   <subfield code="w">(DE-627)1806867230</subfield>
  </datafield>
  <datafield tag="856" ind1="4" ind2="2">
   <subfield code="u">https://swbplus.bsz-bw.de/bsz479332649inh.htm</subfield>
   <subfield code="m">B:DE-576;DE-16</subfield>
   <subfield code="q">application/pdf</subfield>
   <subfield code="v">20170210143226</subfield>
   <subfield code="x">Verlag</subfield>
   <subfield code="3">Inhaltsverzeichnis</subfield>
  </datafield>
  <datafield tag="936" ind1="r" ind2="v">
   <subfield code="a">LG 4290</subfield>
   <subfield code="b">Griechische Keramik</subfield>
   <subfield code="k">Klassische Archäologie</subfield>
   <subfield code="k">Antike Kunst und Kultur</subfield>
   <subfield code="k">Vasenmalerei und Keramik</subfield>
   <subfield code="k">Griechische Keramik</subfield>
   <subfield code="0">(DE-627)1441534725</subfield>
   <subfield code="0">(DE-625)rvk/92138:</subfield>
   <subfield code="0">(DE-576)371534720</subfield>
  </datafield>
  <datafield tag="951" ind1=" " ind2=" ">
   <subfield code="a">BO</subfield>
  </datafield>
  <datafield tag="991" ind1=" " ind2=" ">
   <subfield code="a">Rezensiertes Werk</subfield>
  </datafield>
  <datafield tag="999" ind1=" " ind2=" ">
   <subfield code="a">KXP-PPN1621486206</subfield>
   <subfield code="e">4153351520</subfield>
  </datafield>
 </record>
</collection>
